| 000 | 00325nam a2200145 a 4500 | ||
|---|---|---|---|
| 001 | 93 | ||
| 003 | CDMR | ||
| 005 | 20130503101903.0 | ||
| 008 | 130130s1985||||||||||||||||||||||||||||d | ||
| 040 |
_aCDMR _bcat _cCDMR |
||
| 110 | 2 |
_aABC (Diari) _990 |
|
| 245 | 1 | 0 |
_aABC _b: nĂºmero veinticinco mil |
| 260 |
_c1985 _bABC |
||
| 942 |
_cMON _2udc |
||
| 999 |
_c93 _d93 |
||